|
|
|
|
| LEADER |
00000nam a2200000 4500 |
| 001 |
vtls012270559 |
| 003 |
SK-MaSNL |
| 005 |
20260301080632.0 |
| 008 |
251112s1784 gw f 000 0 ger |
| 015 |
|
|
|a SNBHFA
|
| 040 |
|
|
|a SNKHF
|b slo
|c SNKHF
|e rda
|
| 041 |
1 |
|
|a ger
|h lat
|
| 044 |
|
|
|a gw
|c DE
|
| 072 |
|
7 |
|a 93/94
|x Dejiny (všeobecne)
|2 konspekt
|
| 080 |
|
|
|a 93/94
|2 2011
|
| 080 |
|
|
|a 005.91:82-6
|2 2011
|
| 100 |
0 |
|
|a Cicero, Marcus Tullius,
|d 106 pred Kr.-43 pred Kr.
|4 aut
|9 53145
|
| 245 |
1 |
4 |
|a Markus Tullius Cicero's Vermischte Briefe. Neu übersezt nach der Zeitfolge geordnet und erläutert von August Christian Borhek, Rektor des Gymnasiums zu Bielefeld, und ausw. Mitgl. der Königlich Deutschen Gesellschaft in Göttingen. Welcher die Briefe vom Ausbruch des Bürgerkriegs im Jahre Roms 704 bis zum Jahre Roms 708
|c Dritter Band
|
| 246 |
3 |
3 |
|a Sammlung der neuesten Uebersetzungen der rỏmischen Prosaiker mit erläuternden Anmerkunken unter der Aussicht der Herren Professoren Bergstråßer und Ostertag. Vierten Theils Dritter Band. Cicero's Briefe. Dritter Band
|
| 264 |
|
3 |
|a Frankfurt am Main
|b bey Johann Christian Hermann
|c 1784
|
| 300 |
|
|
|a 4 nečíslované listy, 405 strán, 3 nečíslované strany
|c 8°
|c 20 x 13 cm
|
| 336 |
|
|
|a text
|b txt
|2 rdacontent
|
| 337 |
|
|
|a bez média
|b n
|2 rdamedia
|
| 338 |
|
|
|a zväzok
|b nc
|2 rdacarrier
|
| 500 |
|
|
|a Vinety, signety, ozdobné iniciálky
|
| 504 |
|
|
|a Poznámky pod čiarou, kustody
|
| 510 |
4 |
|
|a OCLC 258020771
|
| 546 |
|
|
|a Nemčina
|b Fraktura
|
| 561 |
|
|
|a Proveniencia: pečiatka: Dr. E. Kadarász- ver. not. Poz. Margity Zayovej.
|5 SNK ID 103760/3
|
| 563 |
|
|
|a Väzba: papierová modrá.
|5 SNK ID 103760/3
|
| 650 |
0 |
7 |
|a korešpondencia
|2 SNKPH
|9 645
|
| 650 |
0 |
7 |
|a dejiny
|2 SNKPH
|9 3825
|
| 700 |
1 |
|
|a Hermann, Johann Christian,
|d 1751-1827
|4 prt
|9 234987
|
| 700 |
1 |
|
|a Borheck, August Christian
|4 trl
|9 313445
|
| 700 |
1 |
|
|a Kadarász, Ernest
|4 oth
|9 302455
|
| 700 |
1 |
|
|a Zaiová, Margita,
|d 1868-1937
|4 fmo
|9 186369
|
| 752 |
|
|
|a Nemecko
|d Frankfurt nad Mohanom
|
| 852 |
|
|
|a snk
|b Zaiova knižnica
|p ID 103760/3
|
| 958 |
|
|
|a DD
|
| 958 |
|
|
|a ONDV
|
| 999 |
|
|
|c 653713
|d 655643
|
| 952 |
|
|
|t Zay 8322; Z 9804
|a SNK
|b SNK
|c SNK_HF
|y PREZ
|7 0
|p 17A1488918
|o snkID 103760/3
|i snk2025/1781
|8 5
|0 0
|1 0
|4 0
|d 2025-02-05
|l 0
|r 2026-02-23 18:29:12
|w 2026-02-23
|